Outer Banks Season 1 Episode 4 Quiz - Statistics

General Stats
  • This quiz has been taken 271 times
  • The average score is 6 of 16
Answer Stats
Question Answer % Correct
Was the gold on The Royal Merchant? No
89%
Who helps John B when he 'yeets' over a chain? Sarah
86%
Who does Shoupe arrest for felony destruction of property JJ
78%
John B convinces Cheryl to pull over because he dropped what? A photo of his dad
74%
Denmark Tanny is the founder of? Tannyhill
57%
Sarah tells John B to 'get his head out off the' what? Gutter
51%
What is the name of the DCS social worker? Cheryl
45%
What is the name of this episode? Spy Games
45%
Where is Uncle T? Mississippi
31%
Who owns the bike that John B takes? Jorge
18%
Ward would have a what if Sarah didn't go to the same college as him? An aneurysm
14%
The man who chased Sarah and John B off the ferry spoke what language? Mandarin
10%
John B talks about free climbing what? El Capitan
9%
Sarah and John B go down to the _____ ____ on the ferry. Engine room
9%
What is the name of the lost Creole language? Gullah
8%
On what ship do Sarah and John B travel on to get back to the OBX? The Carolina Belle
1%
No matching quizzes found
Score Distribution
Percent of People with Each Score
Percentile by Number Answered
Your Score History
You have not taken this quiz